000 00430cam a22001097a 4500
008 180718b-- xxu||||| |||| 00| 0 eng d
082 _aI513084 In2
245 _aO and M in states
_cby Department of Personnel and Administrative Reforms
260 _aNew Delhi
_bDepartment of Personnel and Administration Reforms
_c--
500 _aLibrary has 1972, 1977, 1980-1981
700 _aIndia. Department of Personnel and Administrative Reforms
999 _c491234
_d491234